<?xml version="1.0" encoding="UTF-8"?>
<record
    xmlns:xsi="http://www.w3.org/2001/XMLSchema-instance"
    xsi:schemaLocation="http://www.loc.gov/MARC21/slim http://www.loc.gov/standards/marcxml/schema/MARC21slim.xsd"
    xmlns="http://www.loc.gov/MARC21/slim">

  <leader>01243nab a2200205 i 4500</leader>
  <controlfield tag="001">4346</controlfield>
  <controlfield tag="003">KOSZ 005</controlfield>
  <controlfield tag="005">20180223124452.0</controlfield>
  <controlfield tag="008">150924s2000    pl  |  f     |000 ||pol d</controlfield>
  <datafield tag="040" ind1=" " ind2=" ">
    <subfield code="c">KOSZ 005</subfield>
    <subfield code="a">KOSZ 005</subfield>
    <subfield code="d">KOSZ 005/HR</subfield>
  </datafield>
  <datafield tag="080" ind1=" " ind2=" ">
    <subfield code="a">339.138</subfield>
  </datafield>
  <datafield tag="100" ind1="1" ind2=" ">
    <subfield code="a">KLONOWSKA-MATYNIA, Maria.</subfield>
    <subfield code="d">1999 - .</subfield>
    <subfield code="b">Politechnika Koszali&#x144;ska - Wydzia&#x142; Ekonomii i Zarz&#x105;dzania,</subfield>
    <subfield code="c">Katedra Marketingu Mi&#x119;dzynarodowego</subfield>
  </datafield>
  <datafield tag="245" ind1="1" ind2="0">
    <subfield code="a">Wp&#x142;yw proces&#xF3;w integracyjnych na tworzenie globalnej marki produktu /</subfield>
    <subfield code="c">Maria Klonowska-Matynia.</subfield>
  </datafield>
  <datafield tag="500" ind1=" " ind2=" ">
    <subfield code="a">Dane z autopsji.</subfield>
  </datafield>
  <datafield tag="520" ind1=" " ind2=" ">
    <subfield code="a">W obecnych czasach jako&#x15B;&#x107; produktu i technologii przesta&#x142;a odgrywa&#x107; decyduj&#x105;c&#x105; rol&#x119;. Wa&#x17C;niejsz&#x105; rzecz&#x105; dla lider&#xF3;w jest szybkie przej&#x119;cie nowo&#x15B;ci technicznych, na co zdecydowany wp&#x142;yw ma globalizacja gospodarki. Przedsi&#x119;biorstwa opieraj&#x105; strategi&#x119; na globalnej marce, gdy&#x17C; tylko silna i &#x15B;ci&#x15B;le okre&#x15B;lona marka pozwala na efektywne zarz&#x105;dzanie, a w rezultacie uzyskanie sta&#x142;ej przewagi konkurencyjnej.</subfield>
  </datafield>
  <datafield tag="650" ind1=" " ind2="0">
    <subfield code="a">Jako&#x15B;&#x107; produktu .</subfield>
  </datafield>
  <datafield tag="650" ind1=" " ind2="0">
    <subfield code="a">Techniki sprzeda&#x17C;y.</subfield>
  </datafield>
  <datafield tag="773" ind1="0" ind2=" ">
    <subfield code="i">W :</subfield>
    <subfield code="t">Koszali&#x144;skie Studia i Materia&#x142;y. -</subfield>
    <subfield code="d">Koszalin : Wydaw. Uczelniane Politechniki Koszali&#x144;skiej, 2000. -</subfield>
    <subfield code="g">nr 2, s. 95-106</subfield>
  </datafield>
  <datafield tag="942" ind1=" " ind2=" ">
    <subfield code="c">ART</subfield>
    <subfield code="2">UKD</subfield>
  </datafield>
  <datafield tag="999" ind1=" " ind2=" ">
    <subfield code="c">4346</subfield>
    <subfield code="d">4346</subfield>
  </datafield>
  <datafield tag="952" ind1=" " ind2=" ">
    <subfield code="0">0</subfield>
    <subfield code="1">0</subfield>
    <subfield code="4">0</subfield>
    <subfield code="7">0</subfield>
    <subfield code="a">BPK</subfield>
    <subfield code="b">BPK</subfield>
    <subfield code="o">0856</subfield>
    <subfield code="y">ART</subfield>
  </datafield>
</record>
